[Event "St Petersburg Korchnoi Memorial op"]
[Site "St Petersburg"]
[Date "2023.08.22"]
[Round "7"]
[White "Afanasyeva, Ekaterina"]
[Black "Dolinskii, Sergei"]
[Result "1-0"]
[WhiteElo "1193"]
[BlackElo "1409"]
[PlyCount "47"]
[EventDate "2023.08.18"]
[EventType "swiss"]
[EventRounds "9"]
[EventCountry "RUS"]
[SourceTitle "EXT 2024"]
[Source "ChessBase"]
[SourceDate "2023.10.10"]
[SourceVersion "1"]
[SourceVersionDate "2023.10.10"]
[SourceQuality "1"]

1. e4 e6 2. d4 d5 3. Nd2 Nf6 4. e5 Nfd7 5. Bd3 c5 6. c3 Nc6 7. Ngf3 cxd4 8. cxd4 f6 9. Bb5 Bb4 10. Qa4 Qb6 11. a3 Be7 12. 0-0 fxe5 13. Nxe5 Ndxe5 14. dxe5 Bd7 15. Bxc6 Bxc6 16. Qg4 Kd7 17. Nf3 Bb5 18. Be3 Qa6 19. Rfd1 Bd3 20. Nd4 Bg6 21. Nxe6 Kc6 22. Rac1+ Bc5 23. Rxc5+ Kd7 24. Nc7+ 1-0

[Event "St Petersburg Korchnoi Memorial op"]
[Site "St Petersburg"]
[Date "2023.08.21"]
[Round "5"]
[White "Surkova, Sofya"]
[Black "Dolinskii, Sergei"]
[Result "1/2-1/2"]
[WhiteElo "1799"]
[BlackElo "1409"]
[PlyCount "39"]
[EventDate "2023.08.18"]
[EventType "swiss"]
[EventRounds "9"]
[EventCountry "RUS"]
[SourceTitle "EXT 2024"]
[Source "ChessBase"]
[SourceDate "2023.10.10"]
[SourceVersion "1"]
[SourceVersionDate "2023.10.10"]
[SourceQuality "1"]

1. b3 d5 2. Bb2 Bf5 3. e3 Nd7 4. f4 Ngf6 5. Nf3 e6 6. Be2 h6 7. Ne5 Ne4 8. 0-0 Nxe5 9. fxe5 Qg5 10. Rf4 Bc5 11. Qf1 Nxd2 12. Nxd2 Bxe3+ 13. Rf2 Bxd2 14. Kh1 Be3 15. Rf3 0-0 16. Rg3 Qf4 17. Rf3 Qg5 18. Rg3 Qf4 19. Rf3 Qg5 20. Rg3 1/2-1/2